UBT Library

ON COURSE STRATEGIES FOR CREATING SUCCESS IN COLLEGE AND LIFE (Record no. 40241)

000 -LEADER
fixed length control field 00338nam a22001337a 4500
008 - FIXED-LENGTH DATA ELEMENTS--GENERAL INFORMATION
fixed length control field 180115b xxu||||| |||| 00| 0 eng d
020 ## - INTERNATIONAL STANDARD BOOK NUMBER
International Standard Book Number 9781305397477
041 ## - LANGUAGE CODE
Language code of text/sound track or separate title eng
080 ## - UNIVERSAL DECIMAL CLASSIFICATION NUMBER
Edition identifier 8 ED
Universal Decimal Classification number 37
100 ## - Rafti
Rafti 42
101 ## - Shkurtesa
Shkurtesa EDU
245 ## - TITLE STATEMENT
Title ON COURSE STRATEGIES FOR CREATING SUCCESS IN COLLEGE AND LIFE
Statement of responsibility, etc BEAR.A.C
942 ## - ADDED ENTRY ELEMENTS (KOHA)
Source of classification or shelving scheme
Item type Books
Holdings
Withdrawn status Lost status Source of classification or shelving scheme Damaged status Not for loan Collection code Permanent location Current location Shelving location Date acquired Total Checkouts Full call number Barcode Date last seen Price effective from Koha item type
          Koleksioni i përgjithshem UBT - Lipjan UBT - Lipjan Koleksioni i përgjithshem 01/15/2018   37 BEA 002-2995444 01/15/2018 01/15/2018 Books
UBT Library © 2015-2024. All rights reserved University Education for Business and Technology